| 000 | 01284nam a2200241Ia 4500 | ||
|---|---|---|---|
| 003 | Ost | ||
| 005 | 20260507075443.0 | ||
| 008 | 260507s9999||||xx |||||||||||||| ||und|| | ||
| 040 | _cfsecg | ||
| 041 | _aara | ||
| 082 | _a1.6 | ||
| 100 |
_aالعاني، مزهر شعبان _eمؤلف |
||
| 245 | 0 |
_aالعملية الادارية وتكنولوجيا المعلومات / _c مزهر شعبان العاني |
|
| 260 |
_aعمان: _bاثراء للنشر والتوزيع, _c2008 |
||
| 300 |
_a294 صفحة؛ _bإيضاحات ؛ _c24 سم |
||
| 504 | _aببليوغرافيا: ص.291-294 | ||
| 520 | _aالادارة والمديرين، وظيفة التخطيط، التنظيم، القيادة، الرقابة التنظيمية، المكونات المادية والبرمجية للحواسب، نظم ادارة قواعد البيانات، الاتصالات والشبكات، الانترنيت وتكنولوجيا المعلومات، المدراء وحاجة المعلومات، نظم المعلومات، نظم المعلومات في المنظمات | ||
| 653 | _aالانترنيت | ||
| 653 | _aالتكنولوجيا | ||
| 653 | _aالمعلومات | ||
| 653 | _aنظم المعلومات- المؤسسة الممتدة | ||
| 942 | _cكتاب | ||
| 999 |
_c44569 _d44569 |
||